000 00260nam a22001337a 4500
020 _a81-256-0000-0
041 _aENG
100 _aS.C Jain
245 _aSteam Tables
260 _aDelhi
_bBirla Pul
_c1992
300 _a47
650 _aGAE
856 _uGAE
999 _c2201
_d2201